| 000 | 00434nam a22001697a 4500 | ||
|---|---|---|---|
| 005 | 20230112114039.0 | ||
| 008 | 220209b ||||| |||| 00| 0 eng d | ||
| 020 | _a978-81-239-1438-1 | ||
| 041 | _aeng | ||
| 082 | _a615.321 | ||
| 100 |
_aALI, MOHAMMED _96709 |
||
| 245 | _aPHARMACOGNOSY: PHARMACOGNOSY AND PHYTOCHEMISTRY [VOL-1] | ||
| 260 |
_aNEW DELHI _bCBS |
||
| 300 | _a802;p | ||
| 650 |
_aPHARMACY _xB.PHARMA _97083 |
||
| 942 | _cBK | ||
| 999 |
_c7866 _d7864 |
||